| 000 | 00473nam a2200193 a 4500 | ||
|---|---|---|---|
| 001 | 1757501530072 | ||
| 003 | ACL | ||
| 005 | 20250910162355.0 | ||
| 008 | 250910s2010##################000#0#eng## | ||
| 020 | _a9780670917945 | ||
| 082 | 0 | 4 |
_a790.1922 _bNOR |
| 100 | 1 |
_aNorton, Sally, _eauthor. |
|
| 245 | 1 | 0 | _a101 Things to Do Before You're Five : |
| 260 |
_bViking, _c2010. |
||
| 300 | _a112 pages | ||
| 650 | 0 | _aParenting. | |
| 942 | _cENGLISH | ||
| 040 |
_aACL _beng _cACL |
||
| 999 |
_c586385 _d586385 |
||